[Event "Velero Sin Enroque"]
[Site "Ourense"]
[Date "2010.12.18"]
[Round "3.4"]
[White "Rivera, Daniel"]
[Black "Garcia Castro, Pablo"]
[Result "0-1"]
[WhiteElo "2338"]
[BlackElo "2399"]
[PlyCount "52"]
[EventDate "2010.12.18"]

{Round 3 for fifth to eighth positions} 1. e4 d6 2. d4 Nf6 3. f3 e5 4. c3 Be7 5. Bd3 h5 6. Be3 h4 7. Ne2 Nbd7 8. Nd2
Nf8 9. Nc4 Ng6 10. a4 Nh5 11. dxe5 dxe5 12. Qc2 c6 13. Rd1 Qc7 14. Kd2 Nhf4 15.
Nxf4 Nxf4 16. Bxf4 exf4 17. Kc1 Be6 18. e5 Rh5 19. Rhe1 Rd8 20. Nd6+ Bxd6 21.
exd6 Rxd6 22. Qd2 Qd8 23. Bg6 Rxd2 24. Rxe6+ Kf8 25. Rxd2 Qxd2+ 26. Kxd2 Rd5+
0-1

[Event "Velero Sin Enroque"]
[Site "Ourense"]
[Date "2010.12.18"]
[Round "4.1"]
[White "Strikovic, Aleksa"]
[Black "Salgado Lopez, Ivan"]
[Result "1/2-1/2"]
[WhiteElo "2570"]
[BlackElo "2602"]
[PlyCount "138"]
[EventDate "2010.12.18"]

{Round 4, Final} 1. c4 c5 2. Nc3 Nc6 3. Nf3 Nf6 4. d4 cxd4 5. Nxd4 d6 6. e4 e6 7. Be3 Be7 8. Be2
a6 9. f3 h5 10. Qd2 Qc7 11. Rc1 Ne5 12. b3 h4 13. Kf2 b6 14. Rhd1 Bb7 15. Kg1
Rd8 16. a4 Qb8 17. b4 Rc8 18. Qa2 Qa8 19. a5 bxa5 20. Na4 Nfd7 21. bxa5 h3 22.
Bf1 hxg2 23. Bxg2 Bd8 24. c5 d5 25. Nb6 Nxb6 26. cxb6 Rxc1 27. Rxc1 Qb8 28. h3
Kf8 29. exd5 Bxd5 30. Qe2 Qb7 31. f4 Nd7 32. f5 exf5 33. Nxf5 Bxg2 34. Qxg2
Qxg2+ 35. Kxg2 Rh5 36. Rd1 Rxf5 37. Rxd7 Ke8 38. b7 Kxd7 39. b8=Q Rxa5 40. Qb7+
Ke8 41. Qc6+ Kf8 42. Bc5+ Kg8 43. Qc8 Kh7 44. Bd4 Rd5 45. Qc4 Rg5+ 46. Kf3 Bf6
47. Qc2+ g6 48. Be3 Rf5+ 49. Kg2 a5 50. Qc6 Bg7 51. Bd2 Re5 52. Qa6 a4 53. Bf4
Rf5 54. Bg3 Rg5 55. Qxa4 Rf5 56. Qh4+ Kg8 57. Qe7 Kh7 58. Bh4 Bh8 59. Bg5 Bg7
60. h4 Bh6 61. Be3 Bxe3 62. Qxe3 Kg7 63. Kg3 Kg8 64. Kg4 Kg7 65. Qe8 Rh5 66.
Qb8 Rf5 67. Qd8 Rh5 68. Qd4+ Kg8 69. Qd8+ Kg7 1/2-1/2

[Event "Velero Sin Enroque"]
[Site "Ourense"]
[Date "2010.12.18"]
[Round "4.1"]
[White "Salgado Lopez, Ivan"]
[Black "Strikovic, Aleksa"]
[Result "1/2-1/2"]
[WhiteElo "2602"]
[BlackElo "2570"]
[PlyCount "137"]
[EventDate "2010.12.18"]

{Round 4, Final} 1. d4 d6 2. Nf3 Nd7 3. Bf4 g6 4. e3 Bg7 5. c3 e5 6. Bg3 f5 7. Bc4 e4 8. Nfd2
Ngf6 9. b4 a5 10. b5 Nh5 11. a4 Nb6 12. Be2 Nxg3 13. hxg3 Be6 14. g4 Qf6 15. g3
Kd7 16. gxf5 Bxf5 17. Bg4 d5 18. Na3 Raf8 19. Bxf5+ Qxf5 20. Qe2 Nxa4 21. Ndb1
Qf3 22. Qxf3 Rxf3 23. Nc4 Nc5 24. dxc5 dxc4 25. Ra4 c6 26. b6 Ke6 27. Rxc4 Kd5
28. Nd2 h5 29. Ke2 Rhf8 30. Rf1 R3f5 31. Ra4 Kxc5 32. Nxe4+ Kxb6 33. Nd6 Bxc3
34. Nxf5 Rxf5 35. g4 hxg4 36. Rxg4 g5 37. Rfg1 Bf6 38. Re4 Kc7 39. Re8 Rd5 40.
e4 Rb5 41. Re6 Bd4 42. Rg6 a4 43. Kd3 Bxf2 44. R1xg5 Rb3+ 45. Kc2 Bd4 46. e5
Re3 47. Rg4 c5 48. Rg7+ Kc6 49. R4g6+ Kd5 50. Rxb7 Bxe5 51. Ra7 a3 52. Rga6 Bb2
53. Ra4 Rc3+ 54. Kd2 Rh3 55. Kc2 c4 56. Rc7 Rh2+ 57. Kd1 c3 58. Rc8 Rg2 59. Rc7
Rd2+ 60. Ke1 Rh2 61. Kd1 Kd6 62. Rc8 Kd7 63. Rcc4 Rd2+ 64. Ke1 Rd5 65. Ke2 Kd6
66. Rc8 Kd7 67. Rcc4 Kd6 68. Rc8 Kd7 69. Rcc4 1/2-1/2

[Event "Velero Sin Enroque"]
[Site "Ourense"]
[Date "2010.12.18"]
[Round "4.2"]
[White "Barsov, Alexei"]
[Black "Hoffman, Alejandro"]
[Result "1-0"]
[WhiteElo "2507"]
[BlackElo "2439"]
[PlyCount "51"]
[EventDate "2010.12.18"]

{Round 4 for third and fourth positions} 1. d4 c5 2. d5 e5 3. dxe6 fxe6 4. e4 d5 5. Qh5+ g6 6. Qe5 Qf6 7. Qg3 Nc6 8. Nc3
Nb4 9. Bg5 Qd4 10. Rc1 Be7 11. a3 Nc6 12. Nf3 Qg7 13. exd5 exd5 14. Nxd5 Bxg5
15. Qxg5 Bf5 16. Bd3 Bxd3 17. cxd3 Kd7 18. Qg4+ Kd6 19. Ne3 Re8 20. Kf1 b6 21.
b4 Nh6 22. bxc5+ bxc5 23. Qc4 Qb7 24. Qxc5+ Kd7 25. Qd5+ Kc7 26. Nd4 1-0

[Event "Velero Sin Enroque"]
[Site "Ourense"]
[Date "2010.12.18"]
[Round "4.2"]
[White "Hoffman, Alejandro"]
[Black "Barsov, Alexei"]
[Result "1-0"]
[WhiteElo "2439"]
[BlackElo "2507"]
[PlyCount "45"]
[EventDate "2010.12.18"]

{Round 4 for third and fourth positions} 1. e4 e6 2. d4 d5 3. Nd2 c5 4. exd5 Qxd5 5. dxc5 Bxc5 6. Ngf3 Nf6 7. Bd3 b6 8.
Qe2 Bb7 9. Nb3 Nbd7 10. Bf4 a6 11. Rd1 Qc6 12. c3 Be7 13. Rg1 Kf8 14. Nbd4 Qc8
15. g4 Nd5 16. Bd2 Qc7 17. Bc2 Nf4 18. Bxf4 Qxf4 19. Rg3 Nf6 20. Ne5 Be4 21.
Bxe4 Nxe4 22. Nxe6+ fxe6 23. Rf3 1-0

[Event "Velero Sin Enroque"]
[Site "Ourense"]
[Date "2010.12.18"]
[Round "4.3"]
[White "Garcia Castro, Pablo"]
[Black "Pena Gomez, Manuel"]
[Result "0-1"]
[WhiteElo "2399"]
[BlackElo "2429"]
[PlyCount "113"]
[EventDate "2010.12.18"]

{Round 4 for fifth and sixth positions} 1. d4 Nf6 2. g3 c5 3. d5 e6 4. c4 exd5 5. cxd5 Bd6 6. Nf3 b5 7. Nh4 g6 8. Bg2
Bb7 9. e4 Qe7 10. Qe2 b4 11. Nd2 Ba6 12. Nc4 Bxc4 13. Qxc4 Ng4 14. f4 Bc7 15.
h3 Nf6 16. e5 d6 17. Kf2 Nfd7 18. Nf3 Kd8 19. Re1 Nb6 20. Qe4 N8d7 21. exd6
Bxd6 22. Ne5 Kc7 23. Qd3 Qf6 24. Ng4 Qg7 25. a3 c4 26. Qf3 Rhe8 27. Rxe8 Rxe8
28. axb4 Qd4+ 29. Kf1 Kb8 30. Ne5 Bxe5 31. d6 Qd3+ 32. Qxd3 cxd3 33. fxe5 Rxe5
34. Ra3 Rb5 35. Rxd3 Rxb4 36. Re3 Rc4 37. Bd2 Nc8 38. Re8 a6 39. Rd8 Rd4 40.
Rxd7 Rxd2 41. Rb7+ Ka8 42. Rxf7+ Rxg2 43. d7 Rc2 44. d8=Q Kb8 45. Qd3 Rc6 46.
Rxh7 Rf6+ 47. Qf3 Rxf3+ 48. Kg2 Rb3 49. Rg7 Rxb2+ 50. Kf3 Rb6 51. g4 a5 52. h4
a4 53. h5 a3 54. h6 a2 55. h7 a1=Q 56. h8=Q Qf6+ 57. Ke4 0-1

[Event "Velero Sin Enroque"]
[Site "Ourense"]
[Date "2010.12.18"]
[Round "4.3"]
[White "Pena Gomez, Manuel"]
[Black "Garcia Castro, Pablo"]
[Result "1/2-1/2"]
[WhiteElo "2429"]
[BlackElo "2399"]
[PlyCount "161"]
[EventDate "2010.12.18"]

{Round 4 for fifth and sixth positions} 1. e4 d6 2. Bc4 Nf6 3. Nc3 c6 4. Qf3 e5 5. h3 b5 6. Bb3 Nbd7 7. g4 Nc5 8. g5
Nxb3 9. axb3 Nd7 10. h4 Nc5 11. Nge2 Ne6 12. d3 Bb7 13. Be3 b4 14. Nd1 d5 15.
h5 dxe4 16. dxe4 Be7 17. Qf5 Qc7 18. f4 Bc8 19. Qxe5 Qxe5 20. fxe5 Nxg5 21.
Bxg5 Bxg5 22. Nd4 Bf4 23. Nf2 Bxe5 24. Nxc6 Bxb2 25. Ra2 Bc3+ 26. Ke2 Bd7 27.
Na5 Ke7 28. Ke3 Rhd8 29. Nd3 Bb5 30. Rd1 a6 31. Nc4 Rac8 32. Kf3 Rc6 33. Ne3
Kf8 34. Nd5 f5 35. N3f4 fxe4+ 36. Kxe4 Re8+ 37. Kf3 Rc5 38. Kf2 Be5 39. Ng2 Bf6
40. Nge3 Bh4+ 41. Kg1 Re5 42. Rd4 Rg5+ 43. Ng2 Rcxd5 44. Rxd5 Rxd5 45. Nxh4
Rxh5 46. Nf3 Rd5 47. Kf2 g5 48. Ke3 h5 49. Ra1 Kg7 50. Rg1 Kh6 51. Ke4 Bc6 52.
Nd4 Rc5+ 53. Kd3 g4 54. Re1 Bb5+ 55. Ke4 Rc8 56. Kf4 Rf8+ 57. Kg3 Rf6 58. Re5
Rf1 59. Re6+ Kg5 60. Re5+ Kg6 61. Re6+ Kf7 62. Rh6 Rh1 63. Kf4 Bd7 64. Rh7+ Ke8
65. Ke5 g3 66. Rh8+ Kf7 67. Rh7+ Kg6 68. Rxd7 g2 69. Nf3 Re1+ 70. Kf4 Rf1 71.
Kg3 Rxf3+ 72. Kxg2 Rc3 73. Rd6+ Kf5 74. Rd5+ Ke6 75. Rxh5 Rxc2+ 76. Kf3 Rc3+
77. Ke4 Rxb3 78. Rh6+ Kd7 79. Rxa6 Kc7 80. Kd4 Rc3 81. Ra4 1/2-1/2

[Event "Velero Sin Enroque"]
[Site "Ourense"]
[Date "2010.12.18"]
[Round "4.4"]
[White "Rodriguez Boado, Martin"]
[Black "Rivera, Daniel"]
[Result "1-0"]
[WhiteElo "2152"]
[BlackElo "2338"]
[PlyCount "83"]
[EventDate "2010.12.18"]

{Round 4 for seventh and eighth positions} 1. e4 c5 2. c3 Nf6 3. e5 Nd5 4. d4 cxd4 5. Qxd4 e6 6. Bc4 Nc6 7. Qe4 f5 8. Qe2
Nb6 9. Bb3 Be7 10. h4 Kf7 11. Nf3 h6 12. Nd4 Nxd4 13. cxd4 d5 14. Nc3 g6 15. g4
Bxh4 16. gxf5 exf5 17. Nxd5 Nxd5 18. Bxd5+ Qxd5 19. Rxh4 Be6 20. Be3 Rac8 21.
b3 Qg2 22. Rd1 Bd5 23. f4 Qe4 24. Rh2 Rc2 25. Qxc2 Qxe3+ 26. Re2 Qg1+ 27. Kd2
Qxd4+ 28. Kc1 Qa1+ 29. Qb1 Qc3+ 30. Rc2 Qe3+ 31. Kb2 Bc6 32. Rc4 Qf2+ 33. Ka3
Re8 34. Qd3 Qb6 35. Qc3 Re7 36. Rd6 Qg1 37. Rf6+ Kg7 38. e6 Kg8 39. Qe5 h5 40.
Qb8+ Re8 41. Qc7 Qe1 42. Rxg6+ 1-0

[Event "Velero Sin Enroque"]
[Site "Ourense"]
[Date "2010.12.18"]
[Round "4.4"]
[White "Rivera, Daniel"]
[Black "Rodriguez Boado, Martin"]
[Result "0-1"]
[WhiteElo "2338"]
[BlackElo "2152"]
[PlyCount "62"]
[EventDate "2010.12.18"]

{Round 4 for seventh and eighth positions} 1. d4 g6 2. e4 h5 3. Bd3 Bh6 4. f4 d6 5. Nf3 Nf6 6. h3 c5 7. dxc5 Qa5+ 8. Nc3
Qxc5 9. Qe2 Nc6 10. Be3 Qa5 11. Bd2 Qb6 12. e5 dxe5 13. fxe5 Bxd2+ 14. Nxd2 Nh7
15. Nc4 Qd4 16. Rf1 Be6 17. Nb5 Qh4+ 18. Rf2 Rc8 19. Kf1 a6 20. Nc3 Nd4 21. Qd2
Bxc4 22. Rf4 Bxd3+ 23. cxd3 Qg5 24. Qf2 Nf5 25. Ne4 Qh6 26. Kg1 h4 27. Rf1 Ng5
28. Rxf5 Nxe4 29. dxe4 gxf5 30. Qxf5 Qe6 31. Qg5 Qg6 0-1

[Event "Velero Sin Enroque"]
[Site "Ourense"]
[Date "2010.12.18"]
[Round "5.1"]
[White "Salgado Lopez, Ivan"]
[Black "Strikovic, Aleksa"]
[Result "0-1"]
[WhiteElo "2602"]
[BlackElo "2570"]
[PlyCount "78"]
[EventDate "2010.12.18"]

{Ronda 5, "Joint Challenge" between first and second classified. Black can castling} 1. c4 c5 2. Nf3 e6 3. e3 Nf6 4. b3 g6 5. Bb2 Bg7 6. d3 O-O 7. Nbd2 b6 8. a3 Bb7
9. Be2 d5 10. cxd5 exd5 11. d4 Ne4 12. b4 Nc6 13. b5 Na5 14. h4 Re8 15. Rb1 Rc8
16. Rc1 Nxd2 17. Kxd2 Nc4+ 18. Bxc4 dxc4 19. Rxc4 cxd4 20. Rxd4 Bxd4 21. Nxd4
Bxg2 22. Rh2 Be4 23. Ke1 h5 24. f3 Bd5 25. Kf2 Qd6 26. Rg2 Qe7 27. Qd3 Qxh4+
28. Kg1 Qe7 29. Nf5 Qc5 30. Bd4 Qc4 31. Qxc4 Rxc4 32. Nh6+ Kf8 33. Rg5 Rxd4 34.
exd4 Bxf3 35. Kf2 Be4 36. d5 Kg7 37. d6 Kxh6 38. d7 Rd8 39. Re5 Bf5 0-1

[Event "Velero Sin Enroque"]
[Site "Ourense"]
[Date "2010.12.18"]
[Round "5.1"]
[White "Strikovic, Aleksa"]
[Black "Salgado Lopez, Ivan"]
[Result "0-1"]
[WhiteElo "2570"]
[BlackElo "2602"]
[PlyCount "68"]
[EventDate "2010.12.18"]

{Ronda 5, "Joint Challenge" between first and second classified. White can castling} 1. c4 c5 2. Nf3 b6 3. g3 Bb7 4. Bg2 g5 5. d4 g4 6. Nh4 Bxg2 7. Nxg2 Bg7 8. d5
h5 9. Nc3 d6 10. h3 Nd7 11. Bf4 Ne5 12. Ne3 gxh3 13. Rxh3 Kf8 14. Kf1 Qd7 15.
Kg2 Ng6 16. Bg5 Bxc3 17. bxc3 f6 18. Qc2 Kf7 19. Bf4 Nxf4+ 20. gxf4 Nh6 21.
Rah1 Rag8+ 22. Kf1 Ng4 23. Nf5 e6 24. dxe6+ Qxe6 25. Qd3 d5 26. cxd5 Qd7 27.
Rxh5 Rxh5 28. Rxh5 Qa4 29. Rh7+ Kf8 30. Qd2 Qe4 31. Rh5 Qb1+ 32. Qe1 Qxf5 33.
Rh3 Qxf4 34. e3 Nh2+ 0-1

[Event "Velero Sin Enroque"]
[Site "Ourense"]
[Date "2010.12.18"]
[Round "5.2"]
[White "Hoffman, Alejandro"]
[Black "Barsov, Alexei"]
[Result "0-1"]
[WhiteElo "2439"]
[BlackElo "2507"]
[PlyCount "44"]
[EventDate "2010.12.18"]

{Ronda 5, "Joint Challenge" between third and fourth classified. Black can castling} 1. Nf3 d5 2. b3 Nc6 3. e3 e5 4. Bb5 Bd6 5. Bb2 Qe7 6. Nc3 Nf6 7. h3 O-O 8. Bxc6
bxc6 9. d3 c5 10. e4 c6 11. Nd2 Be6 12. Qe2 g6 13. Nd1 Nh5 14. g3 f5 15. exf5
Bxf5 16. Ne3 Rae8 17. Nxf5 Rxf5 18. Nf1 Qf8 19. Ne3 Rf7 20. Ng4 e4 21. d4 e3
22. Nxe3 Rxf2 0-1

[Event "Velero Sin Enroque"]
[Site "Ourense"]
[Date "2010.12.18"]
[Round "5.2"]
[White "Barsov, Alexei"]
[Black "Hoffman, Alejandro"]
[Result "1-0"]
[WhiteElo "2507"]
[BlackElo "2439"]
[PlyCount "73"]
[EventDate "2010.12.18"]

{Ronda 5, "Joint Challenge" between third and fourth classified. White can castling} 1. d4 Nf6 2. Nf3 d6 3. g3 c6 4. Bg2 Qc7 5. Nc3 e5 6. e4 Nbd7 7. O-O h6 8. h3 g6
9. Be3 b5 10. a3 Bb7 11. Nd2 Be7 12. f4 Kf8 13. Nf3 Kg7 14. Kh2 a6 15. fxe5
dxe5 16. dxe5 Nxe5 17. Nxe5 Qxe5 18. Bd4 Qe6 19. e5 Nd5 20. Nxd5 cxd5 21. Rf2
Rhf8 22. Qd2 Rac8 23. Raf1 Rc4 24. b3 Rc7 25. Qd3 Bc8 26. h4 Kg8 27. Qd2 h5 28.
c3 Qg4 29. Rf4 Qe6 30. Rf6 Bxf6 31. Rxf6 Qe8 32. Qh6 Be6 33. Bf3 Qc8 34. Bxh5
Rxc3 35. Bxg6 Rc2+ 36. Bf2 Rxf2+ 37. Rxf2 1-0

[Event "Velero Sin Enroque"]
[Site "Ourense"]
[Date "2010.12.18"]
[Round "5.3"]
[White "Garcia Castro, Pablo"]
[Black "Pena Gomez, Manuel"]
[Result "0-1"]
[WhiteElo "2399"]
[BlackElo "2429"]
[PlyCount "112"]
[EventDate "2010.12.18"]

{Round 5, "Joint Challenge" between fifth and sixth classified. Black can castling} 1. e4 e6 2. c4 c5 3. d4 cxd4 4. Nf3 Nc6 5. Nxd4 Nxd4 6. Qxd4 Nf6 7. Nc3 Qa5 8.
Be2 Bc5 9. Qd3 h5 10. h3 a6 11. e5 Ng8 12. O-O Qc7 13. Qg3 Kf8 14. Ne4 Be7 15.
f4 Nh6 16. Bxh5 Nf5 17. Qf3 Qxc4 18. Bg4 Qd4+ 19. Kh2 Nh6 20. Be3 Nxg4+ 21.
Qxg4 Qxe4 22. Bf2 f5 23. exf6 Bxf6 24. Rae1 Qf5 25. Qf3 Qb5 26. g4 d5 27. g5
Be7 28. Bd4 Qe8 29. Qc3 Rh7 30. f5 Qh5 31. g6 Qxh3+ 32. Qxh3 Rxh3+ 33. Kxh3
exf5 34. Kg3 Bd6+ 35. Kh4 Bd7 36. Kg5 Rc8 37. Rh1 Be7+ 38. Kf4 Bd6+ 39. Kf3 Kg8
40. Re2 Rc4 41. Rd2 Be8 42. b3 Rc6 43. Rh7 Bf8 44. Rdh2 Bxg6 45. Rh8+ Kf7 46.
Re2 Bc5 47. Rc2 Bxd4 48. Rd2 Bf6 49. Rxd5 Rc3+ 50. Ke2 f4 51. Rd7+ Ke6 52. Rxb7
f3+ 53. Kf2 Bd4+ 54. Kg3 f2+ 55. Kg2 Be4+ 56. Kh2 f1=N# 0-1

[Event "Velero Sin Enroque"]
[Site "Ourense"]
[Date "2010.12.18"]
[Round "5.3"]
[White "Pena Gomez, Manuel"]
[Black "Garcia Castro, Pablo"]
[Result "0-1"]
[WhiteElo "2429"]
[BlackElo "2399"]
[PlyCount "57"]
[EventDate "2010.12.18"]

{Round 5, "Joint Challenge" between fifth and sixth classified. Black can castling} 1. d4 c5 2. e3 cxd4 3. exd4 Nf6 4. Nf3 g6 5. Bd3 b6 6. Bg5 Bb7 7. Nbd2 Nh5 8.
Qe2 h6 9. Ne4 Qc7 10. Nf6+ Kd8 11. Nxh5 hxg5 12. Ng3 f6 13. Be4 Ba6 14. Qe3 Nc6
15. c3 g4 16. Nd2 f5 17. Bxc6 Bh6 18. Qe5 Qxe5+ 19. dxe5 dxc6 20. Rd1 Kc7 21.
h3 Bg5 22. hxg4 Rxh1+ 23. Nxh1 Rh8 24. Ng3 f4 25. Nde4 fxg3 26. Nxg5 Rh1+ 27.
Kd2 Rxd1+ 28. Kxd1 gxf2 29. Ne6+ 0-1

[Event "Velero Sin Enroque"]
[Site "Ourense"]
[Date "2010.12.18"]
[Round "5.4"]
[White "Rivera, Daniel"]
[Black "Rodriguez Boado, Martin"]
[Result "0-1"]
[WhiteElo "2338"]
[BlackElo "2152"]
[PlyCount "84"]
[EventDate "2010.12.18"]

{Round 5, "Joint Challenge" between seventh and eighth classified. White can castling} 1. e4 Nf6 2. e5 Nd5 3. d4 g6 4. Nf3 Bg7 5. Bc4 c6 6. O-O h6 7. Bb3 e6 8. c4 Ne7
9. Nc3 d5 10. exd6 Qxd6 11. Ne4 Qc7 12. Qe2 Nd7 13. g3 Kf8 14. Bf4 e5 15. dxe5
Nxe5 16. Nc5 Nxf3+ 17. Qxf3 Qa5 18. Bd6 Bd4 19. Nd3 Qf5 20. Nf4 g5 21. Rfe1 Bf6
22. Qe2 Qd7 23. Bxe7+ Qxe7 24. Qc2 Qc5 25. Nh5 Bd4 26. Rad1 Bg4 27. Rxd4 Qxd4
28. Nf6 Qxf6 29. Qe4 Bf5 30. Qe3 Kg7 31. c5 Bg6 32. f4 gxf4 33. gxf4 Bf5 34.
Kf2 Kh7 35. Rg1 Rhe8 36. Qg3 Rad8 37. Kg2 Be4+ 38. Kh3 Rg8 39. Qf2 Rd3+ 40. Rg3
Qf5+ 41. Kh4 Rdxg3 42. hxg3 Qg4# 0-1

[Event "Velero Sin Enroque"]
[Site "Ourense"]
[Date "2010.12.18"]
[Round "5.4"]
[White "Rodriguez Boado, Martin"]
[Black "Rivera, Daniel"]
[Result "0-1"]
[WhiteElo "2152"]
[BlackElo "2338"]
[PlyCount "52"]
[EventDate "2010.12.18"]

{Round 5, "Joint Challenge" between seventh and eighth classified. Black can castling} 1. e4 d5 2. exd5 Qxd5 3. d4 Nf6 4. c4 Qd6 5. Be3 Bg4 6. Be2 Bxe2 7. Nxe2 Nc6 8.
f3 O-O-O 9. Kf2 g5 10. Nbc3 g4 11. Ne4 Nxe4+ 12. fxe4 Qf6+ 13. Kg1 Bg7 14. Qd2
Qg6 15. Qd3 Nxd4 16. Nxd4 Bxd4 17. Bxd4 e5 18. Re1 Rxd4 19. Qc2 Rhd8 20. Qf2
Kb8 21. g3 Rd2 22. Qf5 Qb6+ 23. Kf1 R8d6 24. Re2 Rxe2 25. Kxe2 Qxb2+ 26. Ke3
Qd2# 0-1